Normal view
MARC view
Entry Personal Name
001 - CONTROL NUMBER
- control field: 162263
003 - CONTROL NUMBER IDENTIFIER
- control field: OSt
005 - DATE AND TIME OF LATEST TRANSACTION
- control field: 20220923212148.0
008 - FIXED-LENGTH DATA ELEMENTS
- fixed length control field: 220923|| aca||aabn | a|a d
040 ## - CATALOGING SOURCE
- Original cataloging agency: OSt
- Transcribing agency: OSt
100 ## - HEADING--PERSONAL NAME
- Personal name: आनन्द, आर0 एल0; शर्मा, परशुराम, अनु
670 ## - SOURCE DATA FOUND
- Source citation: Work cat.: (OSt)306949: आनन्द, आर0 एल0; शर्मा, परशुराम, अनु., खेल के मैदानों की रूपरेखा, 1973
